| 000 | 00464nam a2200169 a 4500 | ||
|---|---|---|---|
| 001 | 1883 | ||
| 003 | CO-ViMGA | ||
| 008 | 141112s2004 ck r 000 u spa d | ||
| 040 |
_aCO-ViMGA _bspa _cCO-ViMGA |
||
| 082 | 0 | 4 | _a664.09 P745 |
| 245 | 1 | 0 |
_aPrincipios de envasado de los alimentos : _bguía internacional |
| 260 |
_aZaragoza : _bAcribia, _c1978 |
||
| 300 | _a331 p : il | ||
| 650 | 1 | 4 |
_aALIMENTOS - ENVASES _950453 |
| 650 | 1 | 4 |
_aENVASES _950454 |
| 942 |
_2ddc _cBK |
||
| 999 |
_c14036 _d14036 |
||